Program development in continuing education
Saved in:
| Main Author: | |
|---|---|
| Other Authors: | |
| Format: | Book |
| Language: | English |
| Published: |
Malabar, Florida :
Krieger,
1995
|
| Series: | Professional practices in adult education and human resource development
|
| Subjects: | |
| Tags: |
Add Tag
No Tags, Be the first to tag this record!
|
MARC
| LEADER | 00000nam a2200000 i 4500 | ||
|---|---|---|---|
| 001 | 1/95548 | ||
| 008 | 991207s1995 eng d | ||
| 020 | |a 0-89464-852-7 | ||
| 035 | |l 10055363 | ||
| 040 | |a GR-MY-UA |b gre |e aacr | ||
| 041 | 0 | |a eng | |
| 082 | 0 | |a 374.973 | |
| 100 | 1 | |a Goody, Alan E. | |
| 245 | 1 | 0 | |a Program development in continuing education / |c Allan E. Goody, Charles E. Kozoll |
| 260 | |a Malabar, Florida : |b Krieger, |c 1995 | ||
| 300 | |a 144 p. | ||
| 490 | 1 | |a Professional practices in adult education and human resource development | |
| 650 | 0 | 0 | |a Continuing education |z United States |x Planning. |
| 650 | 0 | 0 | |a Continuing education |z United States |x Administration. |
| 700 | 1 | |a Kozoll, Charles E. | |
| 830 | 0 | |a Professional practices in adult education and human resource development | |
| 852 | |a INST |b RHODES |e 19991207 |h 374.973 GOO |p 005400012507 |q 005400012507 |t BK |y 0 | ||
| 901 | |a BIBL4-1999-3 | ||
| 909 | |a Ρ |b 069211 | ||
| 922 | |a 4ΕΛΗ |b 199909 |c ΚΠΣ/154 |d GLORY BOOKS | ||
| 970 | |a ΚΟΥΛΑΚΙΟΤΗ |b ΛΙΤΣΑ |z 1999/12/07 | ||